00474nam a2200193 a 4500001001300000003000900013005001700022008004100039020001000080082001900090100001700109245001700126260004800143300000900191500003500200505001000235650001800245700001700263nice12345678IN_TiNIC20260116011453.0050524s1893 lona grp 000 0 eng  ac10000a294.5924bDAV1 aDavies, John aBhagvad Gita aLondonbKegna Paul Trench and Companyc1893 a216p aincludes index and biblioraphy2 aIndex aBhagavad Gita1 aDavies, John